Genesis-Adam and Eve - Statistics

General Stats
  • This quiz has been taken 21 times
  • The average score is 4 of 7
Answer Stats
Hint Answer % Correct
Day they were made 6
88%
Son that dies Abel
88%
Son that killed another son Cain
88%
Clothes they made for themselves material Leaves
76%
Son that Jesus came from Seth
53%
Age of Adam at his death 930
24%
Age of Seth at his death 912
6%
No matching quizzes found
Score Distribution
Percent of People with Each Score
Percentile by Number Answered
Your Score History
You have not taken this quiz